Go Hard On Your Knowledge #1 - Statistics

General Stats
  • This quiz has been taken 29 times
  • The average score is 8 of 24
Answer Stats
Hint Answer % Correct
Which country do the Galapagos Islands belong to? Ecuador
80%
What is the most populated city in Morocco? Casablanca
75%
What river crosses the Grand Canyon? Colorado
70%
In what sport did Tony Hawk stand out? Skateboarding
70%
Which color is on the innermost arch of a rainbow? Red
60%
What do the Shindo, Ritcher and Mercalli scales measure? Earthquakes
55%
A shoal is a group of what? Fish
55%
In what city was Archduke Franz Ferdinand murdered? Sarajevo
55%
Which country won the first FIFA World Cup in 1930? Uruguay
55%
What's the tenth prime number? 29
45%
How many faces does a Zocchihedron dice have? 100
40%
What Canadian territory is further north? Nunavut
30%
Who played Alex Russo in the TV series Wizards of Waverly Place? Selena Gomez
20%
In what country can we find the ruined city of Xunantunich? Belize
15%
Who painted Primavera (The Spring)? Botticelli
15%
In Minecraft, which fuel allows the player to merge more items? Lava Bucket
15%
What elite body was created by french king Louis XIII as his personal guard between 1622-1815? Musketeers
15%
Who is the greek goddess of flowers and vegetation, also associated with the changing of the seasons? Persephone
15%
What territory was conquered by Spain in 1580? Portugal
15%
What was the name given to the list of publications banned by the Inquisition? Index
10%
What is the main dragon species in the movie How To Train Your Dragon? Night Fury
10%
Who wrote the book Doctor Sleep? Stephen King
10%
From all the chemical elements with a letter-symbol, which one has the highest atomic number? Uranium
10%
The discoveries of the planet Uranus and infrared radiation were attributed to which scientist? William Herschell
5%
No matching quizzes found
Score Distribution
Percent of People with Each Score
Percentile by Number Answered
Your Score History
You have not taken this quiz